000 00513nam a2200217Ia 4500
003 OSt
005 20220928143523.0
006 a|||||r|||| 00| 0
007 ta
008 220927b |||||||| |||| 00| 0 eng d
024 _a22318
037 _cTextual
040 _aSDCL
_cSDCL
_beng
041 _2eng
_aeng
082 _aGwM09, M1
100 _aBrent Peter
_9408935
245 0 _aCharles Darwin.
260 _c1981
942 _hGwM09, M1
_cTEXL
_2CC
999 _c824316
_d824316